000
00291nam a2200121Ia 4500
008
190216s9999||||xx |||||||||||||| ||und||
100
_a
Philip Kotler
245
0
_a
Marketing Management
260
_b
Prentice Hall Of India Pvt Ltd
_c
1999
300
_a
820p
650
_a
Commerce
942
_c
BK
999
_c
5744
_d
5744